| 000 | 01089cam a22003374a 4500 | ||
|---|---|---|---|
| 999 |
_c7042 _d7042 |
||
| 001 | 7042 | ||
| 003 | BD-JhCC | ||
| 005 | 20180204121509.0 | ||
| 008 | 110311s2011 nyua b 001 0aeng | ||
| 020 | _a9781610390804 (hc) | ||
| 020 | _a9781610390828 (pb) | ||
| 020 | _a9781610390811 (eb) | ||
| 035 | _a(BD-JhCC) | ||
| 040 |
_aDLC _cDLC _dDLC |
||
| 041 | _aeng | ||
| 050 | 0 | 0 |
_aCT275.C3 _bA3 2011 |
| 082 | 0 | 0 |
_a338.7/672092 _aB _223 _bCAR 2011 |
| 100 | 1 |
_aCarnegie, Andrew, _d1835-1919. |
|
| 245 | 1 | 4 |
_aThe autobiography of Andrew Carnegie / _cAndrew Carnegie ; with an introduction by Vartan Gregorian. |
| 246 | 3 | _aAndrew Carnegie | |
| 250 | _a1st ed. | ||
| 260 |
_aNew York, NY : _bPublicAffairs, _c2011. |
||
| 300 |
_axxiv, 385 p., [8] p. of plates : _bill. ; _c24 cm. |
||
| 504 | _aIncludes bibliographical references (p. [375]-376) and index. | ||
| 600 | 1 | 0 |
_aCarnegie, Andrew, _d1835-1919. |
| 650 | 0 |
_aIndustrialists _zUnited States _vBiography. |
|
| 650 | 0 |
_aPhilanthropists _zUnited States _vBiography. |
|
| 700 | 1 | _aGregorian, Vartan. | |
| 942 |
_2ddc _cBK |
||